Sports Quiz

Random Sports or Cricket Quiz

Cricketers Quiz Stats

 Plays Quiz Updated Oct 29, 2015

Also try: Cricket Outs
Challenge
Share
Tweet
Score 0/20 Timer 05:00
8 Plays Today
Number Player % Correct
8Chris Gayle
89.4%
4Lasith Malinga
86.8%
11James Anderson
85.3%
5Shane Watson
84.8%
9Hashim Amla
83.8%
1Dale Steyn
83.6%
14Mitchell Johnson
82.3%
7Daniel Vettori
81.9%
3Graeme Smith
80.5%
6Andrew Strauss
79.3%
Number Player % Correct
19Kevin Pietersen
75.5%
15Dwayne Bravo
75%
18MS Dhoni
73.2%
16Ross Taylor
67.9%
10Kumar Sangakkara
67.3%
2Virender Sehwag
66%
17Mahela Jayawardene
61.6%
12Gautam Gambhir
55.7%
13Mohammad Yousuf
39.5%
20Mohammad Asif
35.9%

You're not logged in!

Compare scores with friends on all Sporcle quizzes.
Join for Free
OR
Log In

You Might Also Like...

Show Comments

Extras

Top Quizzes Today


Score Distribution

Your Account Isn't Verified!

In order to create a playlist on Sporcle, you need to verify the email address you used during registration. Go to your Sporcle Settings to finish the process.

Report this User

Report this user for behavior that violates our Community Guidelines.

Details: